Normal view
MARC view
- قانون دولي خاص
Entry Topical Term
001 - CONTROL NUMBER
- control field: 32405
003 - CONTROL NUMBER IDENTIFIER
- control field: JO-AjAnu
005 - DATE AND TIME OF LATEST TRANSACTION
- control field: 20230606075439.0
008 - FIXED-LENGTH DATA ELEMENTS
- fixed length control field: 230606|| aca||aabn | a|a d
040 ## - CATALOGING SOURCE
- Original cataloging agency: JO-AjAnu
- Transcribing agency: JO-AjAnu
150 ## - HEADING--TOPICAL TERM
- Topical term or geographic name entry element: قانون دولي خاص
670 ## - SOURCE DATA FOUND
- Source citation: Work cat.: (JO-AjAnu)16645: سلامة ، احمد عبد الكريم , author 32404, القانون الدولي الخاص : الجنسية والموطن ومعاملة الأجانب والتنازع الدولى للقوانين والمرافعات المدنية الدولية